Mestská hromadná doprava, verejný záujem a vzťah k individuálnej automobilovej doprave
Mestská hromadná doprava (MHD) ako verejnoprospešná služba pre všetkých občanov, ktorá je súčasťou verejnej hromadnej dopravy (VHD). Kvalita, štruktúra a hustota dopravných komunikácií je jedným z ukazovateľov vyspelosti štátu. MHD a verejný záujem. Vzťah medzi MHD a individuálnou automobilovou dopr...
Salvato in:
| Autore principale: | |
|---|---|
| Natura: | Capitolo di libro |
| Lingua: | slovacco |
| Soggetti: | |
| Tags: |
Nessun Tag, puoi essere il primo ad aggiungerne!!
|
MARC
| LEADER | 00000naa$a2200000$$$4500 | ||
|---|---|---|---|
| 001 | 0019312 | ||
| 005 | 20240502071408.2 | ||
| 041 | 0 | |a slo | |
| 044 | |a SK | ||
| 245 | 1 | 0 | |a Mestská hromadná doprava, verejný záujem a vzťah k individuálnej automobilovej doprave |c Elena Beňová |
| 520 | |a Mestská hromadná doprava (MHD) ako verejnoprospešná služba pre všetkých občanov, ktorá je súčasťou verejnej hromadnej dopravy (VHD). Kvalita, štruktúra a hustota dopravných komunikácií je jedným z ukazovateľov vyspelosti štátu. MHD a verejný záujem. Vzťah medzi MHD a individuálnou automobilovou dopravou. Perspektívy MHD. Zdroje financovania MHD. | ||
| 610 | 2 | 0 | |a doprava hromadná mestská |
| 610 | 2 | 0 | |a doprava automobilová osobná |
| 610 | 2 | 0 | |a doprava verejná |
| 610 | 2 | 0 | |a služby verejnoprospešné |
| 610 | 2 | 0 | |a preprava |
| 610 | 2 | 0 | |a financovanie |
| 100 | 1 | |a Beňová, Elena | |